| 000 | 01909nam a22002537a 4500 | ||
|---|---|---|---|
| 999 |
_c61231 _d61231 |
||
| 003 | Ge_BSU | ||
| 005 | 20240109144718.0 | ||
| 008 | 240109s2022ge xxu||||| |||| 00| 0 geo d | ||
| 020 | _a9789941964756 | ||
| 041 | _ageo | ||
| 080 | _a341.215.4 ხ-25 | ||
| 100 |
_aხარიტონაშვილი, ნინო, ავტორი. _920986 |
||
| 245 |
_aშედარებითი სამოქალაქო პროცესი / _cნინო ხარიტონაშვილი ; რედ: შალვა ქურდაძე ; ენობრივი რედაქტორი ხათუნა ახობაძე. |
||
| 264 |
_aთბილისი : _bბონა კაუზა, _c2022. |
||
| 300 |
_a200 გვ. ; _b 21 სმ. |
||
| 440 |
_aიურისტის ბიბლიოთეკა _9137 |
||
| 500 | _aწიგნში აგრეთვე: ALI/UNIDROIT საერთაშორისო სამოქალაქო საპროცესო პრინციპები და წესები, შემუშავებული ამერიკული სამართლის ინსტიტუტისა (ALI) და კერძო სამართლის უნიფიკაციის საერთაშორისო ინსტიტუტის (UNIDROIT) მიერ (გვ. 6-52). | ||
| 504 | _aბიბლიოგრაფია ტექსტის შენიშვნებში. | ||
| 653 | _aსაერთაშორისო სამოქალაქო სამართალი. | ||
| 653 | _aსამართალი | ||
| 700 |
_a ქურდაძე, შალვა _eრედაქტორი _920987 |
||
| 700 |
_aახობაძე, ხათუნა _eენობრივი რედაქტორი _920988 |
||
| 942 |
_2udc _cᲬᲘᲒᲜᲘ |
||